• 首页
  • 本馆介绍
  • 公告通知
  • 最新文献
  • 馆藏检索
  • 电子资源
  • 读者导购
  • 参考咨询
  • 我的图书馆
  • 登录
  • 详细信息显示
  • 放入我的书架
  • 预约/预借图书
  • 作者相关作品
  • 分类相关作品
  • 丛书相关作品
  • 出版社相关作品

书目信息

  • 表格格式
  • 工作单格式
  • 卡片格式
题名:
五礼通考
    
 
作者: 秦蕙田 撰 ;方向东 , 王锷 点校
分册: 一   吉礼
出版信息: 北京   中华书局  2020
页数: 604页
开本: 22cm
丛书名:
单 册:
中图分类: K892.97
科图分类:
主题词: 礼仪--li yi--中国--古代
电子资源:
ISBN: 978-7-101-14842-8
000 00981nam0 2200265 450
001 011029202406
005 20211031095806.37
010    @a978-7-101-14842-8@b精装@dCNY99.50(全20册1990.00)
100    @a20210106d2020 em y0chiy50 ea
101 0  @achi
102    @aCN@b110000
105    @ay z 000yy
106    @ar
200 1  @a五礼通考@Awu li tong kao@h一@i吉礼@f(清)秦蕙田撰@g方向东,王锷点校
210    @a北京@c中华书局@d2020
215    @a604页@d22cm
300    @a国家古籍整理出版资助项目 全国高校古委会资助项目
330    @a本书以文渊阁四库全书本(四库本)为底本,以台湾圣环图书有限公司影印的味经窝初印本(味经窝本)、清乾隆味经窝通行本(乾隆本)、清光绪六年刊印本(光绪本)作为通校本,进行点校整理。本册为吉礼。
606 0  @a礼仪@Ali yi@y中国@z古代
690    @aK892.97@v5
701  0 @c(清)@a秦蕙田@Aqin hui tian@4撰
702  0 @a方向东@Afang xiang dong@4点校
702  0 @a王锷@Awang e@4点校
801  0 @aCN@b百万庄@c20211029
905    @b1312447-48@dK892.97@e369:1@f2
    
    五礼通考.一.吉礼/(清)秦蕙田撰/方向东,王锷点校.-北京:中华书局,2020
    604页;22cm
    国家古籍整理出版资助项目 全国高校古委会资助项目
    
    ISBN 978-7-101-14842-8(精装):CNY99.50(全20册1990.00)
    本书以文渊阁四库全书本(四库本)为底本,以台湾圣环图书有限公司影印的味经窝初印本(味经窝本)、清乾隆味经窝通行本(乾隆本)、清光绪六年刊印本(光绪本)作为通校本,进行点校整理。本册为吉礼。
●
相关链接 在E读中查询图书 在五车中查询图书 在当当中查询图书 在豆瓣中查询图书


正题名:五礼通考     索取号:K892.97/369:1         预约/预借

序号 登录号 条形码 馆藏地/架位号 状态 备注
1 1312447   213124475   第二样本阅览室/ [索取号:K892.97/369:1] 在馆    
2 1312448   213124484   第二借阅区/ [索取号:K892.97/369:1] 在馆    
唐山师范学院图书馆 欢迎您!
大连网信软件有限公司© 版权所有